000 00587nam a2200229Ia 4500
003 OSt
005 20220928143253.0
006 a|||||r|||| 00| 0
007 ta
008 220927b |||||||| |||| 00| 0 eng d
024 _a21506
037 _cTextual
040 _aSDCL
_cSDCL
_beng
041 _2eng
_aeng
082 _aE9G,6, N2
100 _aLin Stephen Y
_9504970
245 0 _aMethods in lignin chemistry.
260 _c1992
700 _a Dence Carlton W
_9504971
942 _hE9G,6, N2
_cTEXL
_2CC
999 _c823545
_d823545